000 00409cam a2200169ua 4500
020 _c1.00
041 _amal
_h
082 _a894.8127
_bKRI/MU
100 _aKrishnan Kutty, Veloor.
245 _aMuzhukkirikku /
_cVeloor Krishnan kutty.
_hTextual Documents
260 _aCalicut :
_bP.K Brothers ,
_c1960.
300 _a76 ; .
365 _a1.00
504 _a
942 _cBK
999 _c4284
_d4284